000 01319nam a22003374a 4500
001 ebr10116445
003 CaPaEBR
006 m u
007 cr cn|||||||||
008 020404s2002 ne a sb 001 0 eng
020 _z1586032402 (IOS Press)
040 _aCaPaEBR
_cCaPaEBR
035 _a(OCoLC)70720230
050 1 4 _aQP88.2
_b.G76 2002eb
245 0 4 _aThe growth plate
_h[electronic resource] /
_cedited by Irving M. Shapiro, Barbara Boyan, H. Clarke Anderson.
260 _aAmsterdam ;
_aWashington, DC :
_bIOS Press,
_cc2002.
300 _ax, 265 p. :
_bill.
490 1 _aBiomedical and health research ;
_vv. 54
504 _aIncludes bibliographical references and index.
533 _aElectronic reproduction.
_bPalo Alto, Calif. :
_cebrary,
_d2013.
_nAvailable via World Wide Web.
_nAccess may be limited to ebrary affiliated libraries.
650 0 _aBone cells.
650 0 _aCartilage cells.
650 0 _aBones
_xGrowth.
655 7 _aElectronic books.
_2local
700 1 _aShapiro, Irving M.
700 1 _aBoyan, Barbara.
700 1 _aAnderson, H. Clarke.
710 2 _aebrary, Inc.
830 0 _aBiomedical and health research ;
_vv. 54.
856 4 0 _uhttp://site.ebrary.com/lib/rucke/Doc?id=10116445
_zAn electronic book accessible through the World Wide Web; click to view
999 _c208714
_d208714